000
00211 a2200109 4500
020
_a
9781555704520
041
_a
eng
100
_a
Michael Elisenberg
245
_a
Learning to Learn
942
_c
BK
952
_7
1
999
_c
23236
_d
23236